al-Maṣāliḥ al-Barĭṭānīyah fī anhār al-ʻIrāq, 1600-1914, (Record no. 50586)
[ view plain ]
| 000 -LEADER | |
|---|---|
| fixed length control field | 01023cam a22002531 4500 |
| 001 - CONTROL NUMBER | |
| control field | ne 68002703 |
| 003 - CONTROL NUMBER IDENTIFIER | |
| control field | DLC |
| 005 - DATE AND TIME OF LATEST TRANSACTION | |
| control field | 20260227111844.0 |
| 008 - FIXED-LENGTH DATA ELEMENTS--GENERAL INFORMATION | |
| fixed length control field | 840112s1968 ua 000 0 arar |
| 010 ## - LIBRARY OF CONGRESS CONTROL NUMBER | |
| LC control number | ne 68002703 |
| 020 ## - INTERNATIONAL STANDARD BOOK NUMBER | |
| Terms of availability | £E1.00 |
| 035 ## - SYSTEM CONTROL NUMBER | |
| System control number | (OCoLC)10292523 |
| 040 ## - CATALOGING SOURCE | |
| Original cataloging agency | DLC |
| Transcribing agency | TxU |
| Modifying agency | DLC |
| 042 ## - AUTHENTICATION CODE | |
| Authentication code | premarc |
| 050 00 - LIBRARY OF CONGRESS CALL NUMBER | |
| Classification number | DS70.96.G7 |
| Item number | N36 |
| 100 1# - MAIN ENTRY--PERSONAL NAME | |
| Personal name | Nawwār, ʻAbd al-ʻAzīz Sulaymān. |
| 245 13 - TITLE STATEMENT | |
| Title | al-Maṣāliḥ al-Barĭṭānīyah fī anhār al-ʻIrāq, 1600-1914, |
| Remainder of title | dirāsah wathāʼiqīyah lil-taṭawwurāt allatī addat ilá iḥtikāk Barīṭanyā lil-milāḥah fī al-ʻIrāq. |
| Statement of responsibility, etc. | taʼlīf ʻAbd al-ʻAzīz Sulaymān Nawwār. |
| 260 ## - PUBLICATION, DISTRIBUTION, ETC. | |
| Place of publication, distribution, etc. | al-Qāhirah, |
| Name of publisher, distributor, etc. | Maktabat al-Anjulū al-Miṣrīyah, |
| Date of publication, distribution, etc. | 1968. |
| 300 ## - PHYSICAL DESCRIPTION | |
| Extent | 10, 238, 112 p. : |
| Other physical details | map. ; |
| Dimensions | 24 cm. |
| 500 ## - GENERAL NOTE | |
| General note | Added t.p.: British interests in the rivers of Mesopotamia, by A.S. Nawar. |
| 504 ## - BIBLIOGRAPHY, ETC. NOTE | |
| Bibliography, etc. note | Bibliography: p. [235]-238. |
| 651 #0 - SUBJECT ADDED ENTRY--GEOGRAPHIC NAME | |
| Geographic name | Iraq |
| General subdivision | Foreign relations |
| Geographic subdivision | Great Britain. |
| 651 #0 - SUBJECT ADDED ENTRY--GEOGRAPHIC NAME | |
| Geographic name | Great Britain |
| General subdivision | Foreign relations |
| Geographic subdivision | Iraq. |
No items available.